000 00384nam a2200121 4500
008 240220b |||||||| |||| 00| 0 eng d
022 _a17296242
245 _aSouth Asian journal 12 :
_bQuarterly Magazine of South Asian Journalists & scholars : April - June 2006
246 _aWTO and South Asia
260 _aLahore :
_bFree Media foundation,
_c2006
300 _b146 p.
942 _cCR
999 _c4781
_d4781